000 00960nas a2200313 4500
001 BR0903045
003 BR-BrBNA
005 20231205113405.0
007 ta
008 230509b bl.|||p| |||| 00| 00por d
040 _aBR-BrBNA
_bpor
_cBiblioteca Nacional de Agricultura
041 _a(Pt)
072 _aF02
100 1 _aMoreira, M.J.S.
100 1 _aCosta, M.A.P. de C.
100 1 _aSouza, F.V.D.
100 1 _aBastos, L.P.
100 1 _aRocha, M.A.C. da
245 1 _aGerminação de sementes in vitro de espécies de bromélias ameaçadas de extinção
650 _aBROMÉLIA
650 _aSEMENTE
650 _aGERMINAÇÃO
650 _aREGULADOR DE CRESCIMENTO
650 _aESPÉCIE EM EXTINÇÃO
773 0 _tMagistra (Brazil)
_xISSN 0102-5333
_g(Oct-Dec 2008), v. 20(4) p. 321-327
_wBR0903045
856 4 0 _uhttp://www.aprh.pt/rgci/pdf/rgci-155_Borges.pdf
909 _a202311
_bLúcia
_c55
_dLúcia Elande
942 _2AGRIS
_n0
_cANA
999 _c203522
_d203522